02296cam a22003374a 4500999001700000001000900017005001700026008004100043010001700084020003500101020001800136035002300154040005000177042000800227043001200235050002100247100002600268245011800294260004900412300003800461500003200499504005200531505098400583650006101567650003601628650003401664700003401698856007801732942003001810952011801840 c20910d209101431088720170120151447.0060322s2006 cauab b 000 0 eng  a 2006009929 a0833038672 (pbk. : alk. paper) a9780833038678 a(OCoLC)ocm65400195 aDLCcDLCdYDXdBAKERdOCOdCZLdXLMdTTUdDLC apcc an-us---00aNX740b.L67 20061 aLowell, Julia,d1961-14aThe arts and state governments :bat arm's length or arm in arm? /cJulia F. Lowell, Elizabeth Heneghan Ondaatje. aSanta Monica, CA :bRAND Corporation,c2006. axvi, 68 p. :bill., map ;c26 cm. a"MG-359-WF."--P. [4] cover. aIncludes bibliographical references (p. 59-68).0 a1. Introduction -- Research approach -- Report overview -- 2. At arms-length -- SAAS governance structure and decisionmaking processes -- Advocacy -- Insulation or isolation? -- 3. Catalysts for change -- Budgetary trends -- Political developments -- 4. Making the case for the arts in Montana -- Brief history of the Montana Arts Council -- Montana's new strategy : marketing the arts and the agency -- 5. New priorities for public arts funding in Maine -- Brief history of the Maine Arts Commission -- Maine's strategy : strengthening communities, strengthening alliances -- 6. Strategic management of state arts agencies -- Public-value framework -- Lessons from Montana and Maine -- Relevance of lessons to other states -- Arm in arm with state government leaders? -- 7. At arms-length-- but dancing -- Risks of arm-in-arm approaches -- Rewards of arm-in-arm approaches -- Appendix A. Some facts about state arts agencies -- Appendix B. Montana Arts Council's listening tour. 0aGovernment aid to the artszUnited StatesvCase studies. 0aArt commissionszUnited States. 0aU.S. statesxCultural policy.1 aOndaatje, Elizabeth Heneghan.413Table of contentsuhttp://www.loc.gov/catdir/toc/ecip0611/2006009929.html 2lcccBOOKShN34 .U72 1983 00102lcc4070aMUCbMUCcGENd2017-01-20eDonation(BFA)l0oN34 .U72 1983p31012r2017-01-20w2017-01-20yBOOKS